000 00351nam a2200145Ia 4500
008 230917s9999||||xx |||||||||||||| ||und||
040 _e139941
_aMAIN
041 _aEnglish
082 _a954.5 K824T
100 _aKohli, Sitaram
245 0 _aTrial diwan mulraj
260 _aPunjab
_bLanguages department
_c1971
300 _a191p p.
942 _cBK
999 _c209122
_d209122